แสดงรายละเอียดบรรณานุกรม
  กลับหน้าหลัก

Brief Record : Get Marc (ISO 2709) : E-mail record : QR code ปิดหน้าต่าง
สารบัญ Review โดย
ใช้งานได้ทุกระบบ
ห้องสมุด วพบ.ขอนแก่น
ใช้งานได้ทุกระบบ เมื่อ16/เมษายน/2558
  1. บทนำ
  2. อุบัติ้หตุที่พบบ่อยในชีวิตประจำวันและการป้องกัน
  3. เครื่องมือเครื่องใช้ในการปฐมพยาบาล
  4. การปฐมพยาบาลผู้ที่มีไข้
  5. การปฐมพยาบาลผู้ที่มีอาการปวด
  6. การปฐมพยาบาลผู้ที่เป็นลม ช็อค ชัก และจมน้ำ
  7. การปฐมพยาบาลผู้ที่มีภยันตรายของกระดุก กล้ามเนื้อ และข้อต่อ
  8. การปฐมพยาบาลผู้ที่มีบาดแผล
  9. การปฐมพยาบาลผู้ที่ถูกไฟไหม้ น้ำร้อนลวก
  10. การปฐมพยาบาลผู้ที่มีภยันตรายของตา หู คอ จมูก และหลอดลม
  11. การปฐมพยาบาลผู้ที่ได้รับสารพิษ

E-books : เกี่ยวกับ Collections
LEADER 00000nama 2200000uu 4500
001    199938
003     ULIBM
008    040531s|||| th m m a000 0 tha d
020    ^a9745561215
041    tha
050    WY100 ก469 2551
100    วิภาพร วรหาญ.
245    การปฐมพยาบาลและการพยาบาลฉุกเฉิน/วิภาพร วรหาญ.
250    พิมพ์ครั้งที่ 11.
260    โครงการตำรา ภาควิชาการพยาบาลอายุรศาสตร์และศัลยศาสตร์ มหาวิทยาลัยขอนแก่น. ขอนแก่น. 2551.
300    229 ห้า.
600    I.มหาวิทยาลัยขนแก่น โครงการตำราภาควิชาการพยาบาลอายุรศาสตร์และศัลยศาสตร์.
650    1.ปฐมพยาบาล 2.การพยาบาลฉุกเฉิน.
995    001
999    ^aใช้งานได้ทุกระบบ
รายการนี้ยังไม่มีแท็ก
คุณยังไม่ได้ล็อกอิน คุณสามารถมีกิจกรรมร่วมกับเว็บไซต์ได้ แต่ต้องล็อกอินก่อน ::
  ล็อกอิน
ลำดับที่ ประเภท เลขเรียก สถานที่ สถานะ
1. หนังสือทั่วไป
หนังสือทั่วไป
สถานะ=หนังสือเก่า - บริการ ณ ห้องสมุด (ห้องเหลือง)
WY100 ก469 2551  
  
หนังสือทั่วไป On Shelf
  ขอยืม
2. หนังสือทั่วไป
หนังสือทั่วไป
WY100 ก469 2551  
  
หนังสือทั่วไป On Shelf
  ขอยืม
3. หนังสือทั่วไป
หนังสือทั่วไป
WY100 ก469 2551  
  
หนังสือทั่วไป On Shelf
  ขอยืม
4. หนังสือทั่วไป
หนังสือทั่วไป
สถานะ=หนังสือเก่า - บริการ ณ ห้องสมุด (ห้องเหลือง)
WY100 ก469 2551  
  
หนังสือทั่วไป On Shelf
  ขอยืม
5. หนังสือทั่วไป
หนังสือทั่วไป
WY100 ก469 2551  
  
หนังสือทั่วไป On Shelf
  ขอยืม
6. หนังสือทั่วไป
หนังสือทั่วไป
สถานะ=หนังสือเก่า - บริการ ณ ห้องสมุด (ห้องเหลือง)
WY100 ก469 2551  
  
หนังสือทั่วไป On Shelf
  ขอยืม
   [แสดง 6/6 รายการ]

BibComment


ยังไม่เคยถูกคอมเมนท์

คอมเมนท์ทรัพยากรรายการนี้
  คอมเมนท์: การปฐมพยาบาลและกา..
Bib 199938

 
 
 

 Union Library Management : ULibM
Copyright 2026. All Rights Reserved.
скачать бесплатно без регистрации порно красивый секс HD Sex Hindi sex

xxx gou

xxxx

bfxxx

xxxwww

Секса Видео

xxxx

Секса Видео

detube

geilexxx

C99 Shell

worms shell

blod xxx video
Ebony Coed Rihanna Rimes Takes A Dick In Her Young Twat priyaa indian fuck anal and pusssy hardcore indian women xxx desi hardcore fucking part 1 bengalixxxcouple